ნორმალური ფორმატი
MARC ფორმატი
ჩანაწერი Corporate Name
ჩანაწერთა რაოდენობა, რომელიც გამოყენებულია: 1
001 - CONTROL NUMBER
- control field: 23155
003 - CONTROL NUMBER IDENTIFIER
- control field: GE_BSU
005 - DATE AND TIME OF LATEST TRANSACTION
- control field: 20240903173929.0
008 - FIXED-LENGTH DATA ELEMENTS
- fixed length control field: 240903|| aca||aabn | a|a d
040 ## - CATALOGING SOURCE
- Original cataloging agency: GE_BSU
- Transcribing agency: GE_BSU
110 ## - HEADING--CORPORATE NAME
- Corporate name or jurisdiction name as entry element: ბათუმის სახელმწიფო უნივერსიტეტი
- Subordinate unit: სოციალურ მეცნიერებათა დეპარტამეტი
670 ## - SOURCE DATA FOUND
- Source citation: Work cat.: (GE_BSU)46495: მანველიძე, ირაკლი 2014, საერთაშორისო ურთიერთობების ისტორია :
